00541nam a22001817a 4500003000400000005001700004008004100021020001500062040002900077050002400106100003400130245007100164260003500235300002700270650003000297942001500327999001700342OSt20260611144940.0260611b |||||||| |||| 00| 0 eng d a076193121X cChuka University Library aLB 1025.3b.T5 2004 aTileston, Donna Walker927992 aWhat Every Teacher Should Know About Effective Teaching Stratagies aCaliforniabCorwin Pressc2004 a115 pagesbIllustrated aEffective Teaching911612 2lcccBKn0 c23989d23989